| 000 | 01301nam0a2200361 4500 | ||
|---|---|---|---|
| 001 | RU\NLR\BIBL_A\010861691 | ||
| 005 | 20250624193026.0 | ||
| 010 |
_a978-5-17-091389-3 _93000 |
||
| 021 |
_aRU _b2015-70102 _94198 |
||
| 035 | _a(NILC)RuMoRGB-008017406 | ||
| 035 | _a(NLR Aleph) 010861691 | ||
| 090 |
_a10423926 _c10423926 |
||
| 100 | _a20151014d2015 |||y0rusy50 ca | ||
| 101 | 0 | _arus | |
| 102 | _aRU | ||
| 105 | _ac z 000ay | ||
| 200 | 1 |
_aДревний _iКорпорация _e[фантастический роман] _fСергей Тармашев |
|
| 210 |
_aМосква _cЖанры _cАСТ _d2015 |
||
| 215 |
_a413, [2] с. _cпортр. _d22 |
||
| 225 | 1 | _aМиры и войны Сергея Тармашева | |
| 311 | _aПродолж. фантаст. саги "Древний" С. Тармашева | ||
| 320 | _aДр. произведения авт. на 2-й с. | ||
| 333 | _a16+ | ||
| 488 | 0 |
_12001#$aДревний$eфантастическая сага _tДревний |
|
| 675 | _a821.161.1 | ||
| 686 | 2 | _aШ6(2=Р)8-445 | |
| 700 | 1 |
_aТармашев _bС. С. _gСергей Сергеевич |
|
| 801 | 0 |
_aRU _bРГБ _c20150909 _gRCR |
|
| 942 | _cBOOK | ||
| 980 | _aNB | ||